000 00362cam a2200145ua 4500
041 _aeng
_h
082 _a624.171
_bMOR/TH
100 _aMorley, Arthur .
245 _aTheory of structures /
_cArthur Morley.
_hTextual Documents
260 _aLondon :
_bLongman Green and Co ,
_c1962.
300 _a617 ; .
504 _a
942 _cBK
999 _c10610
_d10610